000 00664nam a2200241 a 4500
999 _c5261
_d5261
001 5261
003 BD-JhCC
005 20171211180726.0
008 171211s1989 bg |||| b||| 000 0 eng d
035 _a(BD-JhCC)5261
040 _aBD-JhCC
_dBD-JhCC
041 _aeng
082 _a330.91724
_bECO 1989
245 _aEconomic Problems of Developing Countries /
_cErnest Obminsky [Edited]
260 _aDhaka :
_bAcademic Publishers,
_c1989.
300 _a87 p. :
_c21 cm.
504 _aIncludes Bibliographical Reference.
650 _aEconomic History
650 _aDeveloping Countries
700 _aObminsky, Ernest
942 _2ddc
_cBK